Optimal Government Size in European Union in Interaction with Economic Growth

Fiškálna politika sa stala v mnohých krajinách hlavným makroekonomickým nástrojom, pomocou ktorého je možné ovplyvniť celú ekonomiku. Význam tohto nástroja v krajinách Európskej únie, zvlášť v krajinách menovej a hospodárskej únie.

Saved in:
Bibliographic Details
Main Author: Boór, Matej, 1988-
Format: Book Chapter
Language:English
Subjects:
Tags: Add Tag
No Tags, Be the first to tag this record!

MARC

LEADER 00000nla a2200000 4500
001 0216461
005 20251127112220.7
041 0 |a eng 
044 |a SK 
245 1 0 |a Optimal Government Size in European Union in Interaction with Economic Growth  |c Matej Boór 
520 |a Fiškálna politika sa stala v mnohých krajinách hlavným makroekonomickým nástrojom, pomocou ktorého je možné ovplyvniť celú ekonomiku. Význam tohto nástroja v krajinách Európskej únie, zvlášť v krajinách menovej a hospodárskej únie. 
610 2 0 |a Európska únia 
610 2 0 |a politika fiškálna 
610 2 0 |a politika menová 
610 2 0 |a nástroje politiky menovej 
610 2 0 |a únie menové 
610 2 0 |a únie hospodárske 
610 2 0 |a spolupráca medzinárodná 
100 1 |a Boór, Matej, 1988-